000 00374nam a2200181Ia 4500
100 _aCormen/Thomas H
650 _aAlgorithms
250 _a3
942 _cBK
366 _f25
654 _aalgorithms
245 _aIntroduction to Algorithms
260 _bPrentice Hall of India
_c2009
082 _a5.1
_bCOR
300 _a1292
546 _aENGLISH
999 _c27904
_d27904